Central Library OPAC University of Rajshahi

Emma Blue / (Record no. 62561)

MARC details
000 -LEADER
fixed length control field 00569nam a2200217 a 4500
001 - CONTROL NUMBER
control field 62561
003 - CONTROL NUMBER IDENTIFIER
rucl marc code BD-RjUL
005 - DATE AND TIME OF LATEST TRANSACTION
control field 20211209081111.0
008 - FIXED-LENGTH DATA ELEMENTS--GENERAL INFORMATION
fixed length control field 170124s1978 nyu 000 0 eng d
020 ## - INTERNATIONAL STANDARD BOOK NUMBER
International Standard Book Number 0385131356
035 ## - SYSTEM CONTROL NUMBER
System control number (BD-RjUL)62687
040 ## - CATALOGING SOURCE
Original cataloging agency DLC
Transcribing agency DLC
Modifying agency DLC
-- BD-RjUL
Language of cataloging eng
041 ## - LANGUAGE CODE
Language code of text/sound track or separate title eng
082 00 - DEWEY DECIMAL CLASSIFICATION NUMBER
Classification number 813.54
Edition number 23
Author mark and year LOE 1978
100 1# - MAIN ENTRY--PERSONAL NAME
Personal name Lowry, Beverly.
9 (RLIN) 185997
245 10 - TITLE STATEMENT
Title Emma Blue /
Statement of responsibility, etc. Beverly Lowry.
260 ## - PUBLICATION, DISTRIBUTION, ETC. (IMPRINT)
Place of publication, distribution, etc. Garden City, N.Y. :
Name of publisher, distributor, etc. Doubleday,
Date of publication, distribution, etc. 1978.
300 ## - PHYSICAL DESCRIPTION
Pagination 231 p. ;
Size 22 cm.
600 ## - SUBJECT ADDED ENTRY--PERSONAL NAME
Personal name Lowry, Beverly
942 ## - ADDED ENTRY ELEMENTS (KOHA)
Source of classification or shelving scheme Dewey Decimal Classification
Koha item type Books
Holdings
Lost status Source of classification or shelving scheme Damaged status Not for loan Collection code Permanent Location Current Location Shelving location Date acquired Source of acquisition Total Checkouts Full call number Date last seen Copy number Koha item type
  Dewey Decimal Classification   Not For Loan Non-fiction Central Library, University of Rajshahi Central Library, University of Rajshahi Reading Room 24/02/1983 American cultural society, Dhaka.gift   813.54 LOE 1978 24/01/2017 C-1 Books